000 00502nam a2200169Ia 4500
003 GCL
008 140319s9999 xx 000 0 ara d
040 _aGCL /
_cGCL
082 0 4 _aق
_b962.06
_bث
100 1 _aمصلحة الاستعلامات
245 1 0 _aالثورة فى 11 عاما /
_cمصلحة الاستعلامات
300 _a142 ص
490 _a
650 0 4 _aانجازات الثورة
650 0 4 _aمصر - تاريخ - العصر الحديث (1805 - 1956 )
942 _2ddc
_cBK
999 _c43837
_d43837